[Event "61st ch-RUS HL w"]
[Site "Taganrog RUS"]
[Date "2011.06.20"]
[Round "5"]
[White "Severiukhina,Z"]
[Black "Kindinova,E"]
[Result "1-0"]
[WhiteElo "2291"]
[BlackElo "2159"]

1.e4 c5 2.Nf3 e6 3.d4 cxd4 4.Nxd4 Nc6 5.Nc3 Qc7 6.Be3 a6 7.Qd2 Nf6 8.O-O-O Bb4
9.f3 Ne5 10.Nb3 b5 11.Qe1 Be7 12.f4 Neg4 13.e5 Nxe3 14.Qxe3 Ng8 15.Qg3 Kf8
16.f5 Qb6 17.Bd3 b4 18.Ne4 exf5 19.Nd6 Bxd6 20.exd6 a5 21.Rde1 a4 22.Qe5 Qd8
23.Nc5 h5 24.Rhf1 b3 25.a3 bxc2 26.Rxf5 Rb8 27.Rxf7+ Kxf7 28.Qd5+ Kf8 29.Bg6 Nh6
30.Rf1+ Qf6 31.Rxf6+ gxf6 32.Qe4 Ng8 33.Qe8+ Kg7 34.Qf7+ Kh6 35.Bxc2  1-0

[Event "49th National Challengers ch-IND"]
[Site "Aurangabad IND"]
[Date "2011.06.21"]
[Round "8"]
[White "Shetty,R"]
[Black "Himanshu,Sh"]
[Result "0-1"]
[WhiteElo "2261"]
[BlackElo "2414"]

1.Nf3 c5 2.e4 e6 3.d4 cxd4 4.Nxd4 Nc6 5.Nc3 Qc7 6.Be3 a6 7.Qd2 Nf6 8.O-O-O Bb4
9.f3 Ne5 10.Kb1 Bxc3 11.Qxc3 Qxc3 12.bxc3 d5 13.exd5 Nxd5 14.Bd2 Nb6 15.Bd3 Bd7
16.Rhe1 Nec4 17.Bc1 O-O 18.Nf5 Bb5 19.Ne3 Rfc8 20.Nxc4 Bxc4 21.Re4 Nd5 22.Kb2 Bxd3
23.Rxd3 b5 24.Bd2 Rc6 25.a4 f5 26.Red4 Kf7 27.g4 Nb6 28.axb5 axb5 29.Bc1 Na4+
30.Kb1 Nxc3+ 31.Kb2 Na4+ 32.Kb1 Rac8 33.Rd7+ Kf6 34.g5+ Kg6 35.Rd2 Nc3+ 36.Kb2 Nd5
37.Rb7 Ne3 38.Re2 Rxc2+ 39.Rxc2 Nxc2 40.Bd2 Nd4 41.Bc3 Rxc3 42.Kxc3 Nxf3
43.Rxb5 Kxg5 44.Rb7 Kf6 45.h3 h6 46.Kd3 e5 47.Ke3 Nh4 48.Kf2 g6 49.Kg3 Kg5
50.Re7 e4 51.Kf2 Kf4 52.Rh7 h5 53.Rh6 Kg5 54.Rh7 Nf3 55.Re7 h4 56.Re6 Nd2
57.Rc6 Nf3 58.Re6 Kh6 59.Re8 Kg7 60.Ra8 Ne5 61.Ra6 Kh6 62.Ke3 Kg5 63.Ra1 Nf3
64.Ra2 Kh6 65.Kf4 Ng5 66.Ra3 Nf3 67.Ra2 Ne1 68.Ke3 Nd3 69.Ra1 Kg5 70.Ra2 Nf4
71.Rh2 Ne6 72.Ra2 Kh6 73.Ra3 Kg5 74.Ra1 Ng7 75.Ra7 Nh5 76.Ra1 Nf6 77.Rg1+ Kh5
78.Kf4 Kh6 79.Ra1 Nh5+ 80.Ke3 Kg5 81.Rb1 Ng3 82.Rb5 Nf1+ 83.Ke2 Nh2 84.Ke3 Nf3
85.Rb2 Ne5 86.Rg2+ Kf6 87.Ra2 Nd3 88.Ra6+ Kg5 89.Ra1 Nc5 90.Rg1+ Kf6 91.Ra1 Ke5
92.Rg1 f4+ 93.Ke2 Kd4 94.Rxg6 f3+ 95.Kd1 e3 96.Rd6+ Kc3 97.Rc6 e2+ 98.Ke1 Kd4  0-1

[Event "4th Karen Asrian Memorial"]
[Site "Jermuk ARM"]
[Date "2011.06.21"]
[Round "6"]
[White "Chibukhchian,A"]
[Black "Kursova,M"]
[Result "1-0"]
[WhiteElo "2500"]
[BlackElo "2308"]

1.e4 c5 2.Nf3 e6 3.d4 cxd4 4.Nxd4 Nc6 5.Nc3 a6 6.Be2 d6 7.O-O Nf6 8.a4 Bd7
9.Be3 Be7 10.f4 O-O 11.Kh1 Re8 12.Nb3 b6 13.Bf3 Qc7 14.g4 Bc8 15.Bg2 Bf8
16.g5 Nd7 17.Rf3 Bb7 18.Rh3 g6 19.Qe1 Rac8 20.Qh4 h6 21.Rf1 Nb4 22.Rf2 Qd8
23.f5 h5 24.fxg6 fxg6 25.Bf3 Re7 26.Bxh5 Rh7 27.Bg4 Rxh4 28.Bxe6+ Kg7 29.Rf7+  1-0

[Event "25th Open Pula"]
[Site "Pula CRO"]
[Date "2011.06.21"]
[Round "4.25"]
[White "Vucinic,G"]
[Black "Cherin,D"]
[Result "1-0"]
[WhiteElo "2074"]
[BlackElo "2265"]

1.e4 c5 2.Nf3 e6 3.d4 cxd4 4.Nxd4 Nc6 5.Nc3 Qc7 6.Be3 a6 7.Qd2 b5 8.O-O-O Nf6
9.f3 Be7 10.g4 O-O 11.g5 Ne8 12.h4 Rb8 13.Qf2 Ne5 14.h5 b4 15.Na4 Nd6 16.Bf4 Nb5
17.Nb3 Nd3+ 18.Bxd3 Qxf4+ 19.Kb1 Bxg5 20.Nac5 Qc7 21.Rdg1 Bh6 22.Rg2 Kh8
23.Rhg1 d6 24.Na4 f6 25.Qe1 a5 26.f4 e5 27.fxe5 dxe5 28.Nac5 Nd6 29.Qe2 Ra8
30.Bb5 Nxb5 31.Qxb5 Rd8 32.Rg3 Bf4 33.Rd3 a4 34.Nxa4 Bb7 35.Nac5 Bc6 36.Qxb4 Rdb8
37.Qc3 Qa7 38.a3 Rc8 39.Rgd1 h6 40.Qc4 Be8 41.Qe6 Bf7 42.Qf5 Be8 43.Qe6 Qc7
44.Rd7 Bxd7 45.Rxd7 Qb8 46.Rb7 Qxb7 47.Nxb7 Be3 48.Nd6 Kh7 49.Nxc8  1-0

[Event "Voronezh Master Open"]
[Site "Voronezh RUS"]
[Date "2011.06.21"]
[Round "9.8"]
[White "Tarlev,K"]
[Black "Neverov,V"]
[Result "1-0"]
[WhiteElo "2499"]
[BlackElo "2487"]

1.e4 c5 2.Nf3 e6 3.d4 cxd4 4.Nxd4 Nc6 5.Nc3 Qc7 6.g3 a6 7.Bg2 Nf6 8.O-O Be7
9.Re1 d6 10.Nxc6 bxc6 11.e5 dxe5 12.Rxe5 Bd6 13.Bf4 Bxe5 14.Bxe5 Qxe5 15.Bxc6+ Nd7
16.Bxa8 Qb8 17.Bc6 O-O 18.b3 Qc7 19.Bxd7 Qxc3 20.Bxc8 Rxc8 21.Rc1 h6 22.Kg2 a5
23.a4 Rc5 24.Qf3 Qb2 25.Rd1 Rxc2  1-0

[Event "Zonal 2.4"]
[Site "Araruama BRA"]
[Date "2011.06.22"]
[Round "4"]
[White "Zambrana,O"]
[Black "Barbosa,Ev"]
[Result "0-1"]
[WhiteElo "2514"]
[BlackElo "2343"]

1.e4 c5 2.Nf3 e6 3.d4 cxd4 4.Nxd4 Nc6 5.Nc3 Qc7 6.Be3 a6 7.Qd2 Nf6 8.O-O-O Bb4
9.f3 O-O 10.g4 b5 11.Kb1 Rb8 12.g5 Nh5 13.Be2 Ne5 14.f4 Nc4 15.Bxc4 bxc4
16.Nde2 d6 17.Ka1 Bb7 18.Qc1 Bc6 19.a3 a5 20.Rd4 Qb7 21.Rxc4 d5 22.Rxc6 Qxc6
23.axb4 axb4 24.Na2 Ra8 25.Qd1 d4 26.Nxd4 Qxe4 27.Re1 Ra6 28.Nb3 Rfa8 29.Nc1 Nxf4
30.Bg1 Qc4 31.b3 Qb5 32.Re4 Nd5 33.Bd4 Ra5 34.Qe2 Qb7 35.Kb1 Qc7 36.Bb2 Qa7
37.Rc4 Rxa2 38.Nxa2 Qxa2+ 39.Kc1 Nc3 40.Bxc3 bxc3 41.Rxc3 Qa1+ 42.Kd2 Qa5
43.Qe3 Rc8 44.Qg3 e5 45.Qh3 Rd8+ 46.Ke2 e4 47.Qe3 Qe5 48.Qg3 Qd5 49.Qe3 Qd6
50.Rc4 Qxh2+ 51.Ke1 Qh1+ 52.Kf2 Qh4+ 53.Ke2 Qg4+ 54.Kf2 Rd1 55.Qxe4 Rd2+
56.Ke3 Re2+ 57.Kd3 Rxe4 58.Rxe4 Qd7+ 59.Ke3 g6 60.Re5 Qc7 61.Re8+ Kg7  0-1

[Event "64th ch-RUS HL"]
[Site "Taganrog RUS"]
[Date "2011.06.22"]
[Round "7"]
[White "Sek,K"]
[Black "Khairullin,I"]
[Result "0-1"]
[WhiteElo "2432"]
[BlackElo "2649"]

1.e4 c5 2.Nf3 e6 3.d4 cxd4 4.Nxd4 Nc6 5.Nc3 Qc7 6.Be3 a6 7.Bd3 Nf6 8.O-O Nxd4
9.Bxd4 Bc5 10.Bxc5 Qxc5 11.Na4 Qc7 12.c4 d6 13.Rc1 Bd7 14.Qb3 Bxa4 15.Qxa4+ Nd7
16.Rfd1 O-O 17.Qa3 a5 18.Bb1 Ra6 19.f4 Rc8 20.Rc3 Qc5+ 21.Qxc5 Nxc5 22.b3 Rb6
23.Bc2 Kf8 24.a3 Ke7 25.Rh3 h6 26.Rg3 Kf8 27.Kf1 Rc7 28.Ke1 Nd7 29.Rc3 Rbc6
30.Rcd3 Ke7 31.Bb1 a4 32.b4 Rxc4 33.Rxd6 Nf6 34.R6d4 Rxd4 35.Rxd4 Rc1+ 36.Rd1 Rc3
37.Kd2 Rxa3 38.Rc1 Rb3 39.Bd3 Rxb4 40.Rc7+ Nd7 41.Rc8 a3 42.Ra8 Nc5 43.Rxa3 Rd4  0-1

[Event "64th ch-RUS HL"]
[Site "Taganrog RUS"]
[Date "2011.06.22"]
[Round "7"]
[White "Chuprov,D"]
[Black "Balashov,Y"]
[Result "1/2-1/2"]
[WhiteElo "2520"]
[BlackElo "2426"]

1.e4 c5 2.Nf3 Nc6 3.Nc3 e6 4.d4 cxd4 5.Nxd4 d6 6.Be3 a6 7.g4 Nge7 8.g5 b5
9.Bg2 Bb7 10.f4 h6 11.gxh6 g6 12.f5 Nxd4 13.Qxd4 e5 14.Qd2 gxf5 15.exf5 Bxg2
16.Qxg2 Rc8 17.Qh3 Qd7 18.O-O-O Qxf5 19.Qg2 Bxh6 20.Bxh6 Rxh6 21.Rhf1 Qg6
22.Qe2 Rh4 23.Kb1 Rhc4 24.Rg1 Qh6 25.a3 R8c6 26.Rd3 Rh4 27.Rg2 Rh3 28.Rxh3 Qxh3
29.Rg3 Qe6 30.h4 d5 31.h5 e4 32.Qg2 Qh6 33.Rg5 f6 34.Rxd5 Rxc3 35.bxc3 Nxd5
36.Qg8+ Ke7 37.Qxd5 e3 38.Qe4+ Kf8 39.Qa8+ Kg7 40.Qb7+ Kf8 41.Qa8+ Kg7 42.Qb7+  1/2-1/2

[Event "64th ch-RUS HL"]
[Site "Taganrog RUS"]
[Date "2011.06.22"]
[Round "7"]
[White "Stukopin,A"]
[Black "Papin,V"]
[Result "1/2-1/2"]
[WhiteElo "2471"]
[BlackElo "2565"]

1.e4 c5 2.Nf3 e6 3.d4 cxd4 4.Nxd4 Nc6 5.Nc3 Qc7 6.Be3 a6 7.Be2 Nf6 8.O-O Be7
9.f4 d6 10.a4 O-O 11.Kh1 Re8 12.Bf3 Bd7 13.Nb3 b6 14.g4 Bc8 15.g5 Nd7 16.Bg2 Bb7
17.Rf3 Nb4 18.Rh3 g6 19.Rc1 Bf8 20.Qe1 f5 21.gxf6 Nxf6 22.Qh4 Bg7 23.e5 Bxg2+
24.Kxg2 Nh5 25.f5 Nc6 26.fxg6 hxg6 27.exd6 Qxd6 28.Qe4 Ne5 29.Kh1 Rac8 30.Rd1 Qc6
31.Nd2 Red8 32.Rg1 Nf6 33.Qxc6 Rxc6 34.Rhg3 b5 35.axb5 axb5 36.Bg5 b4 37.Nce4 Nxe4
38.Nxe4 Rf8 39.c3 bxc3 40.Rxc3 Rxc3 41.bxc3 Nf3 42.Rf1 Rf5 43.Bc1 Nxh2 44.Rxf5 exf5
45.Kxh2 fxe4 46.Kg3 Kf7 47.Be3 Ke6 48.Kf4 Kd5 49.c4+ Kxc4 50.Kxe4  1/2-1/2

[Event "Zonal 2.4"]
[Site "Araruama BRA"]
[Date "2011.06.23"]
[Round "6"]
[White "Barbosa,Ev"]
[Black "Fier,A"]
[Result "1/2-1/2"]
[WhiteElo "2343"]
[BlackElo "2560"]

1.e4 c5 2.Nf3 e6 3.d4 cxd4 4.Nxd4 Nc6 5.Nc3 Qc7 6.Be3 a6 7.Qd2 Nf6 8.O-O-O Be7
9.f3 O-O 10.g4 b5 11.g5 Nh5 12.Nce2 Rd8 13.Ng3 Nxd4 14.Qxd4 Nf4 15.h4 Bb7
16.Qb6 Qe5 17.Qxb7 Bc5 18.Bxc5 Qxc5 19.e5 Qe3+ 20.Kb1 Nd5 21.Nf5 Qxf3 22.Ne7+ Kf8
23.Bg2 Qxg2 24.Nxd5 exd5 25.Qxd5 Qxd5 26.Rxd5 Ke7 27.Rhd1 Rac8 28.R1d4 Rc6
29.a4 bxa4 30.Rxa4 h6 31.gxh6 Rxh6 32.Rg4 Rc8 33.Rxg7 Rxh4 34.Rg2 Re4 35.Rgd2 Rc7
36.c3 Ke6 37.Rd6+ Ke7 38.R6d5 Ra7 39.Ra5 f6  1/2-1/2

[Event "49th National Challengers ch-IND"]
[Site "Aurangabad IND"]
[Date "2011.06.23"]
[Round "10"]
[White "Deshmukh,A"]
[Black "Himanshu,Sh"]
[Result "0-1"]
[WhiteElo "2283"]
[BlackElo "2414"]

1.e4 c5 2.Nf3 e6 3.d4 cxd4 4.Nxd4 Nc6 5.Nc3 Qc7 6.Be3 a6 7.Qd2 Nf6 8.f3 b5
9.O-O-O Bb7 10.g4 h6 11.h4 b4 12.Na4 d5 13.Bh3 Nxd4 14.Bxd4 dxe4 15.g5 e3
16.Bxe3 Nd5 17.g6 Bd6 18.Rhe1 O-O-O 19.gxf7 Nxe3 20.Rxe3 Bf4 21.Qe2 Kb8  0-1

[Event "25th Open Pula"]
[Site "Pula CRO"]
[Date "2011.06.23"]
[Round "7.12"]
[White "Jelica,M"]
[Black "Jovanic,O"]
[Result "0-1"]
[WhiteElo "2235"]
[BlackElo "2479"]

1.e4 c5 2.Nf3 e6 3.d4 cxd4 4.Nxd4 Nc6 5.Nc3 Qc7 6.Be3 a6 7.Qd2 Nf6 8.f3 h5
9.Nxc6 bxc6 10.Na4 Rb8 11.c3 d6 12.b4 Be7 13.Be2 a5 14.a3 Bd7 15.c4 axb4
16.axb4 Qb7 17.Nb6 c5 18.bxc5 dxc5 19.Nxd7 Nxd7 20.O-O O-O 21.f4 g6 22.f5 Bf6
23.Rad1 Rbd8 24.fxg6 fxg6 25.Qc2 Qc7 26.Kh1 Be5 27.Rxf8+ Rxf8 28.g3 Kg7 29.Qd2 Rf7
30.Bg5 Qc6 31.Qd3 Bd4 32.Rf1 Rxf1+ 33.Bxf1 Ne5 34.Qe2 Qa8 35.h3 Qa3 36.Bf4 Nf7
37.Qd3 Qb2 38.Qd2 Qb7 39.Qd3 e5 40.Bc1 Nd6 41.Bg2 Qb4 42.Bd2 Qxc4 43.Qf3 Qf7
44.Qe2 Qb3 45.Be1 c4 46.g4 hxg4 47.Qxg4 Qe3 48.Bf1 Qxe1 49.Qe2 Qxe2 50.Bxe2 Kf6
51.Kg2 Kg5 52.Kf3 c3 53.Bd3 Kh4 54.Kg2 g5 55.Kh2 Be3  0-1

[Event "US Junior Championship"]
[Site "Saint Louis USA"]
[Date "2011.06.23"]
[Round "7"]
[White "Harper,W"]
[Black "Shen,V"]
[Result "1/2-1/2"]
[WhiteElo "2310"]
[BlackElo "2281"]

1.e4 c5 2.Nf3 e6 3.d4 cxd4 4.Nxd4 Nc6 5.Nc3 Qc7 6.Be3 a6 7.Be2 Nf6 8.O-O Be7
9.f4 d6 10.a4 O-O 11.Kh1 Re8 12.Bf3 Rb8 13.Qe1 Bf8 14.Nb3 b6 15.g4 Nd7 16.g5 g6
17.Rd1 Bb7 18.h4 Na5 19.Nd4 Nc4 20.Bc1 e5 21.Nde2 exf4 22.Nxf4 Nce5 23.Bg2 Ba8
24.Qf2 b5 25.axb5 axb5 26.Nfd5 Qd8 27.Bh3 Bg7 28.Bf4 b4 29.Ne2 Rb5 30.Ng3 Bxd5
31.exd5 Re7 32.Ne4 Nc5 33.Nf6+ Kh8 34.Rfe1 Nb7 35.Bxe5 Rxe5 36.Rxe5 dxe5
37.Qe2 Rb6 38.Nd7 Rd6 39.Nxe5 Qc7 40.Nc6 h6 41.Qe8+ Kh7 42.gxh6 Kxh6 43.Qe3+ Kh7
44.b3 Rf6 45.Rf1 Bh6 46.Qe1 Qd6 47.Qe5 Rxf1+ 48.Bxf1 Qc5 49.Bd3 Qf2 50.Qh2 Qe1+
51.Kg2 Nc5 52.Qg3 Nxd3 53.cxd3 Qe2+ 54.Qf2 Qg4+ 55.Qg3 Qe2+ 56.Qf2 Qg4+  1/2-1/2

[Event "49th National Challengers ch-IND"]
[Site "Aurangabad IND"]
[Date "2011.06.24"]
[Round "11"]
[White "Gusain,H"]
[Black "Konguvel,P"]
[Result "0-1"]
[WhiteElo "2224"]
[BlackElo "2402"]

1.e4 c5 2.Nf3 e6 3.d4 cxd4 4.Nxd4 Nc6 5.Nc3 Qc7 6.Be2 a6 7.Be3 Nf6 8.O-O Be7
9.f4 d6 10.Kh1 O-O 11.Qe1 Nxd4 12.Bxd4 b5 13.a3 Bb7 14.Qg3 Rad8 15.Rae1 Rd7
16.Bd3 Re8 17.Rf3 Bd8 18.Ref1 e5 19.fxe5 dxe5 20.Be3 Kh8 21.Qh3 Bc8 22.Qh4 Ng8
23.Qf2 f6 24.g4 Bb7 25.Qg2 Be7 26.Nd5 Rxd5 27.exd5 Bxd5 28.Bxh7 Nh6 29.Bf5 Bc5
30.Bxc5 Qxc5 31.Bg6 Rc8 32.h4 Qd4 33.Kh2 Nxg4+ 34.Kh3 Ne3 35.Qg3  0-1

[Event "35th ch-Gleisdorf"]
[Site "Gleisdorf AUT"]
[Date "2011.06.25"]
[Round "3"]
[White "Schweitzer,W"]
[Black "Kragelj,I"]
[Result "0-1"]
[WhiteElo "2064"]
[BlackElo "2221"]

1.e4 c5 2.Nf3 e6 3.d4 cxd4 4.Nxd4 Nc6 5.Nc3 Qc7 6.Be2 a6 7.O-O Nf6 8.Be3 Be7
9.f4 d6 10.Qe1 O-O 11.Kh1 Nxd4 12.Bxd4 b5 13.a3 Bb7 14.Qg3 Rad8 15.Rae1 Rd7
16.Bd3 Re8 17.Nd1 g6 18.f5 e5 19.fxg6 hxg6 20.Bc3 Nh5 21.Qg4 Bf8 22.Bd2 Bg7
23.Bg5 Re6 24.Qh4 d5 25.Ne3 dxe4 26.Bxe4 Rd4 27.Nd1 f5 28.Bxf5 Rxh4 29.Bxe6+ Kh7
30.Bxh4 Qc6 31.Bh3 Nf4 32.Rxf4 exf4 33.c3 Qd5 34.Rf1 Qh5  0-1

[Event "TCh-FRA Final w Top 12"]
[Site "Port Marly FRA"]
[Date "2011.06.25"]
[Round "1"]
[White "Lahno,Kateri"]
[Black "Javakhishvili,L"]
[Result "1-0"]
[WhiteElo "2530"]
[BlackElo "2454"]

1.e4 c5 2.Nf3 e6 3.d4 cxd4 4.Nxd4 Nc6 5.Nc3 Qc7 6.Be3 a6 7.Be2 Nf6 8.a3 Ne5
9.f4 Nc4 10.Bc1 d6 11.Qd3 b5 12.a4 e5 13.Nb3 bxa4 14.Qxc4 Qxc4 15.Bxc4 axb3
16.Bxb3 Bb7 17.O-O Nxe4 18.fxe5 Nxc3 19.Bxf7+ Kd7 20.e6+ Kc7 21.bxc3 Be7
22.Be3 Bd5 23.Bd4 Bc4 24.Rf4 g5 25.Rf5 Rhb8 26.Bf6 Bxf6 27.Rxf6 a5 28.e7 Bxf7
29.Rxf7 Kd7 30.Rxh7 a4 31.Ra3 Re8 32.Kf2 Rxe7 33.Rxe7+ Kxe7 34.h3 Ke6 35.Ke3 Ke5
36.c4 Ra7 37.Kd3 d5 38.cxd5 Kxd5 39.Kc3 Rc7+ 40.Kb2 Rb7+ 41.Kc1 Ra7 42.Rg3 a3
43.Rxg5+ Kd4 44.Rg4+ Ke3 45.Kb1 Kd2 46.Rd4+ Ke2 47.Ka2 Rc7 48.Kxa3 Rxc2 49.Rg4 Ke3
50.Kb3 Rc1 51.Kb2 Rc8 52.h4 Kf2 53.g3 Kf3 54.Rg5 Rb8+ 55.Kc3 Rd8 56.Kc4 Ke4  1-0

[Event "64th ch-RUS HL"]
[Site "Taganrog RUS"]
[Date "2011.06.25"]
[Round "10"]
[White "Sjugirov,S"]
[Black "Kobalia,M"]
[Result "1-0"]
[WhiteElo "2629"]
[BlackElo "2679"]

1.e4 c5 2.Nf3 e6 3.d4 cxd4 4.Nxd4 Nc6 5.Nc3 a6 6.Nxc6 bxc6 7.Bd3 d5 8.O-O Nf6
9.Qf3 Be7 10.e5 Nd7 11.Qg3 g6 12.Bh6 Bf8 13.Bxf8 Kxf8 14.Na4 a5 15.b3 Ba6
16.c4 Qb8 17.Rfe1 Kg7 18.Rac1 Qb4 19.Qf4 Rhd8 20.h4 h5 21.Re3 dxc4 22.Bxc4 Bb5
23.Nc3 Bxc4 24.bxc4 Rab8 25.Rd1 Qe7 26.Red3 Rb7 27.Ne4 Rdb8 28.Kh2 Rf8 29.Rd6 Rc8
30.R1d3 Rbc7 31.Rf3 Nf8 32.Nf6 Nh7 33.c5 Rb7 34.a3 Rbc7 35.Qd2 Ra7 36.g3 Qf8
37.Ne4 Qe7 38.Rfd3 Nf8 39.Nf6 Nh7 40.Ne4 Nf8 41.R3d4 Rcc7 42.Nf6 Nh7 43.Rf4 Ra8
44.Rf3 a4 45.Qd1 Kh8 46.Ne4 Kg7 47.Rd4 Rca7 48.Kg2 Qb7 49.Rb4 Qc7 50.Nd6 Qa5
51.Qd4 Rf8 52.Rf4 Rd8 53.Qc4 Rdd7 54.Rf3 Qd8 55.Rxa4 Rxa4 56.Qxa4 Rc7 57.Qa5 Kg8
58.Rxf7  1-0

[Event "64th ch-RUS HL"]
[Site "Taganrog RUS"]
[Date "2011.06.25"]
[Round "10"]
[White "Ponkratov,P"]
[Black "Grigoriants,S RUS"]
[Result "1/2-1/2"]
[WhiteElo "2582"]
[BlackElo "2562"]

1.e4 c5 2.Nf3 Nc6 3.d4 cxd4 4.Nxd4 e6 5.Nc3 a6 6.Be2 d6 7.O-O Nf6 8.Be3 Be7
9.f4 Bd7 10.Kh1 O-O 11.Qe1 b5 12.a3 Qb8 13.Bd3 Qb7 14.Qg3 b4 15.Nd1 bxa3
16.bxa3 Rab8 17.e5 Nh5 18.Qh3 g6 19.Nxc6 Bxc6 20.Nf2 Rfd8 21.Ng4 Bf8 22.Bd4 dxe5
23.Bxe5 Bd6 24.Rad1 Qc7 25.Qe3 f5 26.Nf6+ Nxf6 27.Bxf6 Re8 28.Ba1 Bc5 29.Qe1 Bf8
30.Be5 Qb7 31.Rf2 Rbd8 32.Rb1 Qd7 33.Bxa6 Bxa3 34.Bc3 Bf8 35.Rd2 Qf7 36.Bb5 Bxb5
37.Rxb5 Rxd2 38.Qxd2 Bg7 39.Bxg7 Qxg7 40.h3 Qc7 41.Re5 Kf7 42.Qe2 Qc3 43.Qf2 Qb4
44.Rc5 Re7 45.c3 Qb1+ 46.Kh2 Rd7 47.Re5 Qc1 48.Rc5 h6 49.Rc4 g5 50.fxg5 hxg5
51.Qf3 Qd2 52.h4 Qd6+ 53.g3 Qd2+ 54.Kh3 Qd1 55.Qxd1 Rxd1 56.hxg5 Kg6 57.g4  1/2-1/2

[Event "3rd Eforie Open"]
[Site "Eforie Nord ROU"]
[Date "2011.06.26"]
[Round "7.9"]
[White "Maksimov,O"]
[Black "Somoff,A"]
[Result "1-0"]
[WhiteElo "2333"]
[BlackElo "2172"]

1.e4 c5 2.Ne2 Nc6 3.Nbc3 e6 4.d4 cxd4 5.Nxd4 Qc7 6.g3 a6 7.Bg2 b5 8.O-O Bb7
9.Re1 d6 10.a4 b4 11.Nd5 exd5 12.Nxc6 Bxc6 13.exd5+ Kd8 14.dxc6 Ne7 15.Qf3 f6
16.a5 Ke8 17.Be3 d5 18.Bb6 Qxc6 19.Qh5+ g6 20.Bxd5 Qd6 21.Qf3 Rc8 22.Rad1  1-0

[Event "6th Dvorkovich Cup"]
[Site "Moscow RUS"]
[Date "2011.06.26"]
[Round "1.1"]
[White "Eliseev,U"]
[Black "Meribanov,V"]
[Result "0-1"]
[WhiteElo "2433"]
[BlackElo "2286"]

1.e4 c5 2.Nf3 Nc6 3.Nc3 e6 4.d4 cxd4 5.Nxd4 Nf6 6.Nxc6 bxc6 7.e5 Nd5 8.Ne4 Qc7
9.f4 Qb6 10.c4 Ne3 11.Qd3 Bb4+ 12.Bd2 O-O 13.Rc1 a5 14.Bxb4 Qxb4+ 15.Rc3 Ng4
16.Qd2 f6 17.Be2 fxe5 18.Bxg4 Rxf4 19.Nf2 d5 20.O-O Bd7 21.a3 Qe7 22.g3 Rf6
23.Rcc1 Raf8 24.Qxa5 Qf7 25.Qe1 e4 26.Bh3 Qh5 27.Bg2 Rh6 28.Nh3 e5 29.Rxf8+ Kxf8
30.cxd5 cxd5 31.Rc7 Ke8 32.Qf1 e3 33.Bxd5 e2 34.Qc1 Qxh3 35.Bg2 Qxh2+ 36.Kf2 Rf6+
37.Ke3 Qxg2 38.Rc8+ Bxc8 39.Qxc8+ Kf7 40.Qd7+ Kg6 41.Qg4+ Kf7 42.Qd7+ Kg8  0-1

[Event "6th Dvorkovich Cup"]
[Site "Moscow RUS"]
[Date "2011.06.26"]
[Round "2.9"]
[White "Lu Shanglei"]
[Black "Grigoryan,K2"]
[Result "0-1"]
[WhiteElo "2473"]
[BlackElo "2463"]

1.e4 c5 2.Nf3 e6 3.d4 cxd4 4.Nxd4 Nc6 5.Nc3 Qc7 6.g3 Nf6 7.Bg2 a6 8.O-O Be7
9.Re1 d6 10.Nxc6 bxc6 11.e5 dxe5 12.Rxe5 O-O 13.Re1 Nd5 14.Ne4 h6 15.Qe2 e5
16.c4 Nb6 17.Nc3 Be6 18.b3 Nd7 19.Bb2 Rae8 20.Rac1 Qb7 21.Red1 f5 22.Kh1 Bf6
23.Ba3 Rf7 24.Nd5 Bd8 25.Rc2 Nf6 26.Nxf6+ Bxf6 27.Rcd2 Qc8 28.Bb2 e4 29.Bxf6 Rxf6
30.Rd6 Rff8 31.Qe3 f4 32.gxf4 Bg4 33.R1d4 Bf5 34.c5 Qb7 35.Qe2 Kh8 36.h3 a5
37.Qb2 Kh7 38.Qc3 Qb5 39.Rc4 Kg8 40.Qd4 Be6 41.Rc3 Bd5 42.Rd7 Rf7 43.Rxf7 Bxf7
44.Rg3 g6 45.f5 Qb4 46.Qe3 Kh7 47.fxg6+ Bxg6 48.h4 Qb7 49.h5 Bf5 50.Bh3 Qf7
51.Qf4 Rf8 52.Bxf5+ Qxf5 53.Qc7+ Rf7 54.Qxc6 Qxh5+ 55.Kg1 Qf5 56.Kh1 Qh5+
57.Kg1 Qf5 58.Kh1 Qh5+ 59.Kg2 Qf5 60.f4 exf3+ 61.Rxf3 Qc2+ 62.Kh3 Rxf3+  0-1

[Event "19th Albena Open"]
[Site "Albena BUL"]
[Date "2011.06.27"]
[Round "3.33"]
[White "Kadric,D"]
[Black "Bochev,K"]
[Result "1-0"]
[WhiteElo "2376"]
[BlackElo "2123"]

1.e4 c5 2.Nf3 e6 3.d4 cxd4 4.Nxd4 Nc6 5.Nc3 d6 6.Be3 Nf6 7.Bc4 a6 8.Qe2 Qc7
9.Bb3 Be7 10.O-O-O O-O 11.Rhg1 Nd7 12.g4 Nc5 13.Kb1 Bd7 14.g5 Rfc8 15.f4 b5
16.a3 Nxd4 17.Bxd4 Nxb3 18.cxb3 Bf8 19.e5 Bc6 20.Rg3 d5 21.Na2 a5 22.Rc1 Qb7
23.Rh3 g6 24.Qg4 Be8 25.Qh4 h5 26.gxh6 Kh7 27.Rg1 a4 28.b4 Rc4 29.Bc5 Rxc5
30.bxc5 d4 31.f5 exf5 32.Qxd4 Qc7 33.Nb4 Qxc5 34.Qxc5 Bxc5 35.Rd1 Bxb4 36.axb4 Bc6
37.Rd6 Be4+ 38.Ka2 Re8 39.Rd7 Rxe5 40.Rxf7+ Kh8 41.Rc7 Bd5+ 42.Kb1 Bb3 43.Rc1 Re7
44.h7 Rxh7 45.Rc8+ Bg8 46.Rd3 Kg7 47.Rb8 Bf7 48.Rxb5 Rxh2 49.Rd7 Kf6 50.Rb6+ Be6
51.Rd1 Re2 52.Rbd6 f4 53.b5 Kf7 54.b6 Re5 55.R6d4 Bf5+ 56.Ka2 Rb5 57.Rxf4 Rxb6
58.Rxa4 Kf6 59.Rf1 Ke5 60.Ra5+ Kd4 61.Ka3 Re6 62.Rd1+ Bd3 63.Ra7 Ke3 64.b4 Be2
65.Rb1 g5 66.b5 Rb6 67.Re7+ Kf3 68.Rb3+  1-0

[Event "ch-NED Women"]
[Site "Boxtel NED"]
[Date "2011.06.27"]
[Round "2"]
[White "Hortensius,L"]
[Black "Haast,A"]
[Result "0-1"]
[WhiteElo "2111"]
[BlackElo "2221"]

1.e4 c5 2.Nf3 e6 3.d4 cxd4 4.Nxd4 Nc6 5.Nc3 Qc7 6.Be3 a6 7.Qd2 Nf6 8.O-O-O Be7
9.f3 h5 10.Qf2 d6 11.Rg1 Ne5 12.h3 b5 13.Kb1 b4 14.Nce2 Nc4 15.Bc1 e5 16.Nb3 a5
17.g4 a4 18.Nd2 Nxd2+ 19.Bxd2 d5 20.g5 Bc5 21.Be3 Bxe3 22.Qxe3 d4 23.Qd2 Nd7
24.Qxb4 Rb8 25.Qxa4 O-O 26.Nc1 Nb6 27.Qa5 Ra8 28.Qd2 Be6 29.Nb3 Rfb8 30.g6 f6
31.f4 exf4 32.Qe2 Qa7 33.a3 Nc4 34.Qxh5 Nxa3+ 35.bxa3 Qxa3 36.Qh7+ Kf8 37.Qh8+ Bg8  0-1

[Event "2nd Big Slick IM"]
[Site "London ENG"]
[Date "2011.06.27"]
[Round "3"]
[White "Sreeves,C"]
[Black "Lalic,B"]
[Result "1/2-1/2"]
[WhiteElo "2173"]
[BlackElo "2469"]

1.e4 c5 2.Nf3 Nc6 3.d4 cxd4 4.Nxd4 e6 5.Nc3 Qc7 6.Be3 Nf6 7.Qd2 Nxd4 8.Bxd4 e5
9.Be3 Bb4 10.f3 Bxc3 11.bxc3 d6 12.Rd1 O-O 13.Qxd6 Qxc3+ 14.Qd2 Qxd2+ 15.Kxd2 Be6
16.Bd3 Rfc8  1/2-1/2

[Event "ch-NED Women"]
[Site "Boxtel NED"]
[Date "2011.06.28"]
[Round "3"]
[White "Volkers,A"]
[Black "Hortensius,L"]
[Result "0-1"]
[WhiteElo "2046"]
[BlackElo "2111"]

1.e4 c5 2.Nf3 e6 3.d4 cxd4 4.Nxd4 Nc6 5.Nc3 Qc7 6.g3 a6 7.Bg2 Nf6 8.O-O Be7
9.Re1 d6 10.Nxc6 bxc6 11.e5 dxe5 12.Rxe5 O-O 13.Re1 Nd5 14.Ne4 Bb7 15.Qh5 Rad8
16.Ng5 Nf6 17.Qf3 Ba8 18.Bf4 Bd6 19.Bxd6 Rxd6 20.Rad1 c5 21.Qa3 Bxg2 22.Kxg2 Rfd8
23.Rxd6 Qxd6 24.Re3 Qc6+ 25.Nf3 c4 26.Re1 Nd5 27.Kg1 c3 28.Ne5 Qd6 29.Qxd6 Rxd6
30.Nc4 Rc6 31.b3 Nb4 32.a3 Nxc2 33.Rd1 g6 34.Kf1 Nd4 35.Na5 c2 36.Rc1 Rc3
37.a4 Nxb3 38.Nxb3 Rxb3 39.Rxc2 Rb4 40.Ra2 Kf8 41.Ke2 a5 42.Ra3 Ke7 43.Ke3 e5
44.h3 Ke6 45.Kd3 f5 46.Ra1 g5 47.Ra2 e4+ 48.Ke3 Ke5 49.f4+ gxf4+ 50.gxf4+ Ke6
51.Ra3 Kd5 52.Ke2 Kd4 53.Kd2 Rb2+ 54.Kc1 Rh2 55.Rb3 e3 56.Kd1 Ke4 57.Rb5 Kf3  0-1

[Event "6th Dvorkovich Cup"]
[Site "Moscow RUS"]
[Date "2011.06.28"]
[Round "6.9"]
[White "Kozganbayev,E"]
[Black "Bernadskiy,V"]
[Result "0-1"]
[WhiteElo "2271"]
[BlackElo "2435"]

1.e4 c5 2.Nf3 e6 3.d4 cxd4 4.Nxd4 Nc6 5.Nc3 a6 6.Bf4 d6 7.Bg3 Be7 8.Be2 Nxd4
9.Qxd4 e5 10.Qd3 Nf6 11.O-O O-O 12.Bh4 Be6 13.Bxf6 Bxf6 14.Nd5 Bg5 15.Rfd1 Kh8
16.Bf3 g6 17.a4 Rc8 18.c3 f5 19.a5 Rf7 20.Nb6 Rc6 21.exf5 Bxf5 22.Qe2 Rcc7
23.Be4 Qf8 24.f3 Bd8 25.Rd3 Bxe4 26.Qxe4 Rf4 27.Qe2 e4 28.fxe4 Rcf7 29.Nc4 Rf2
30.Qe1 Bh4 31.g3 Be7 32.Rd2 R2f3 33.Qe2 Qc8 34.Kg2 Rf2+ 35.Qxf2 Rxf2+ 36.Rxf2 Qxc4
37.Re1 Kg7 38.Rd2 Qc6 39.Rd5 Bf6 40.Red1 Be5 41.Re1 Qa4 42.Kf3 h5 43.Re2 Qc4
44.h3 Qc8 45.g4 Qf8+  0-1

[Event "6th Dvorkovich Cup"]
[Site "Moscow RUS"]
[Date "2011.06.30"]
[Round "7.5"]
[White "Eliseev,U"]
[Black "Bernadskiy,V"]
[Result "1/2-1/2"]
[WhiteElo "2433"]
[BlackElo "2435"]

1.e4 c5 2.Nf3 Nc6 3.Nc3 e6 4.d4 cxd4 5.Nxd4 Qc7 6.Be3 a6 7.Qd2 Nf6 8.f3 Be7
9.O-O-O b5 10.g4 Bb7 11.g5 Nh5 12.Nxc6 dxc6 13.f4 b4 14.Ne2 Rd8 15.Qe1 Rxd1+
16.Qxd1 c5 17.Bg2 e5 18.Rf1 O-O 19.f5 Rd8 20.Qe1 c4 21.Kb1 c3 22.f6 Bc5 23.Bc1 cxb2
24.Bxb2 Be3 25.Qxb4 Rd2 26.Qa4 Bc6 27.Qc4 Qb7 28.Bf3 g6 29.Qc3 Bxg5 30.Bxh5 Bxe4
31.Qxe5 h6 32.h4 gxh5 33.hxg5 Rxc2 34.Ka1 Rxe2 35.g6 Bd3 36.gxf7+ Qxf7 37.Rg1+ Kh7
38.Qc3 Bg6 39.Rxg6 Qxg6 40.Qc7+ Kg8 41.Qc4+ Kh7 42.Qc7+  1/2-1/2

[Event "ch-NED Women"]
[Site "Boxtel NED"]
[Date "2011.07.01"]
[Round "6"]
[White "Van Weersel,A"]
[Black "Haast,A"]
[Result "0-1"]
[WhiteElo "2246"]
[BlackElo "2221"]

1.e4 c5 2.Nf3 e6 3.d4 cxd4 4.Nxd4 Nc6 5.Nc3 Qc7 6.Be3 a6 7.Qd2 Nf6 8.O-O-O Be7
9.f3 b5 10.Bf4 e5 11.Nd5 Nxd5 12.exd5 Nxd4 13.Qxd4 d6 14.Qe4 exf4 15.Bd3 f5
16.Qxf4 O-O 17.g4 fxg4 18.Qd2 gxf3 19.h4 Bf5 20.Qe3 Qa7 21.Qxf3 Bxd3 22.Qxd3 Rac8
23.Qh3 Kh8 24.Rhg1 Bf6 25.h5 Rfe8 26.Rge1 Qf2 27.Rxe8+ Rxe8 28.Qd7 Qe3+ 29.Kb1 Qe5
30.c3 b4 31.Rc1 bxc3 32.Rxc3 Qe2 33.Rc2 Qd1+ 34.Rc1 Qd3+ 35.Ka1 Bxb2+ 36.Kxb2 Rb8+
37.Ka1 Qd4+ 38.Rc3 Qxc3+  0-1